| 000 | 00785nam a2200241 a 4500 | ||
|---|---|---|---|
| 005 | 20240706063659.0 | ||
| 008 | 160818s2009 es r 000 0 spa d | ||
| 020 | _a9788427716391 | ||
| 035 | _aUPN01000212455 | ||
| 049 | _aCG | ||
| 050 | 4 |
_aLC4015 _bP4.2 |
|
| 100 | 1 |
_aPerpiñán Guerras, Sonsoles _939379 |
|
| 245 | 1 | 0 |
_aAtención temprana y familia : _bcómo intervenir creando entornos competentes / _cSonsoles Perpiñán Guerras. |
| 260 |
_aMadrid : _bNarcea, _cc2009. |
||
| 300 | _a252 p. | ||
| 440 | 0 |
_aEducación hoy. _pEducación especial |
|
| 650 | 4 |
_aNiños con discapacidad _xEducación _91549 |
|
| 650 | 2 |
_aTrastornos del desarrollo _914425 |
|
| 650 | 2 |
_aEstimulación sensorial _919309 |
|
| 650 | 4 |
_aPsicoterapia familiar _944 |
|
| 905 | _aLibro | ||
| 999 |
_c184555 _d184555 |
||